In era of Modi / (Record no. 169174)

MARC details
000 -LEADER
fixed length control field 00543nam a2200181 4500
005 - DATE AND TIME OF LATEST TRANSACTION
control field 20191107144410.0
010 ## - LCCN (DPL NO)
LC control number ENG-126852
020 ## - INTERNATIONAL STANDARD BOOK NUMBER
International Standard Book Number 9789353220631
Terms of availability 600.00
035 ## - SYSTEM CONTROL NUMBER
System control number EN-110384
037 ## - SOURCE OF ACQUISITION
Source of stock number/acquisition DBAD/PUB
082 ## - DEWEY DECIMAL CLASSIFICATION NUMBER
Classification number 320.954
100 ## - MAIN ENTRY--PERSONAL NAME
Personal name Sinha, R.K.
245 ## - TITLE STATEMENT
Title In era of Modi /
Statement of responsibility, etc by R.K. Sinha
260 ## - PUBLICATION, DISTRIBUTION, ETC. (IMPRINT)
Place of publication, distribution, etc New Delhi
Name of publisher, distributor, etc Prabhat Prakashan
Date of publication, distribution, etc 2019
270 ## - ADDRESS
Address 4/19 Asaf Ali Road,
City New Delhi
Postal code 110002
Electronic mail address prabhatbooks@gmail.com
Telephone number +911123289777
300 ## - PHYSICAL DESCRIPTION
Extent 280p
Dimensions 22cm(Hb)
Other physical details ill.
942 ## - ADDED ENTRY ELEMENTS (KOHA)
Source of classification or shelving scheme Dewey Decimal Classification
Item type English Books
Classification part 320.954
Call number suffix SIN
Holdings
Withdrawn status Lost status Not for loan Collection code Home library Current library Date acquired Source of acquisition Cost, normal purchase price Full call number Barcode Copy number Cost, replacement price Koha item type
      Non-fiction Sarojini Nagar Sarojini Nagar 07/11/2019 DBAD/PUB 600.00 320.954 SIN EN-110384 1 600.00 English Books

© Delhi Public Library
Hit Counter
free hit counter